SUCCEED FOR YOURSELF UNLOCK YOUR POTENTI (Record no. 12566)
[ view plain ]
| 000 -LEADER | |
|---|---|
| fixed length control field | 00390nam a2200145Ia 4500 |
| 008 - FIXED-LENGTH DATA ELEMENTS--GENERAL INFORMATION | |
| fixed length control field | 240624s9999 xx 000 0 und d |
| 041 ## - LANGUAGE CODE | |
| Language code of text/sound track or separate title | eng |
| 082 ## - DEWEY DECIMAL CLASSIFICATION NUMBER | |
| Classification number | 170 DEN |
| 100 ## - MAIN ENTRY--PERSONAL NAME | |
| Personal name | DENNY RICHARD |
| 245 ## - TITLE STATEMENT | |
| Title | SUCCEED FOR YOURSELF UNLOCK YOUR POTENTI |
| 250 ## - EDITION STATEMENT | |
| Edition statement | (3rd ed.) |
| 260 ## - PUBLICATION, DISTRIBUTION, ETC. | |
| Date of publication, distribution, etc. | 2008 |
| Place of publication, distribution, etc. | New Delhi |
| Name of publisher, distributor, etc. | Kogan Page India Private limited |
| 300 ## - PHYSICAL DESCRIPTION | |
| Extent | 216 : p. : cm. ; 21 |
| 365 ## - TRADE PRICE | |
| Currency code | RS |
| Price amount | 30 |
| Withdrawn status | Lost status | Damaged status | Not for loan | Home library | Current library | Shelving location | Date acquired | Source of acquisition | Cost, normal purchase price | Full call number | Barcode | Date last seen | Copy number | Price effective from | Koha item type |
|---|---|---|---|---|---|---|---|---|---|---|---|---|---|---|---|
| IMTN | IMTN | Rack 1-B | 02/17/2009 | PSBE | 195.00 | 170 DEN | 12566 | 06/24/2024 | 1 | 06/24/2024 | Books |